Most famous Movie (Image) - Statistiques

Statistiques générales
  • Ce quiz a été pris 94 fois
  • Le résultat moyen est 6 sur 8
Statistiques - réponses
Par images Réponse % Correct
Titanic
99%
Forrest Gump
92%
Jurassic Park
86%
The Godfather
78%
Star Wars
72%
The Dark Knight
66%
The Lord of the Rings
61%
Gone with the Wind
18%
Aucun quiz correspondant
Distribution des résultats
% des personnes avec chaque résultat
Percentile par nombre de réponses
Votre historique - résultats
Vous n’avez pas pris ce quiz